|
|
|
|
| LEADER |
01804nam a2200421 a 4500 |
| 001 |
EBC530472 |
| 003 |
MiAaPQ |
| 005 |
20200520144314.0 |
| 006 |
m o d | |
| 007 |
cr cn||||||||| |
| 008 |
100614s2010 enka sb 001 0 eng d |
| 020 |
|
|
|z 9781848134515 (hardback)
|
| 020 |
|
|
|z 9781848134522 (pbk.)
|
| 020 |
|
|
|a 9781848134539 (electronic bk.)
|
| 035 |
|
|
|a (MiAaPQ)EBC530472
|
| 035 |
|
|
|a (Au-PeEL)EBL530472
|
| 035 |
|
|
|a (CaPaEBR)ebr10384056
|
| 035 |
|
|
|a (CaONFJC)MIL257932
|
| 035 |
|
|
|a (OCoLC)630542530
|
| 040 |
|
|
|a MiAaPQ
|c MiAaPQ
|d MiAaPQ
|
| 043 |
|
|
|a fb-----
|
| 050 |
|
4 |
|a HD5856.A357
|b A37 2010
|
| 245 |
0 |
0 |
|a Africa's informal workers
|h [electronic resource] :
|b collective agency, alliances and transnational organizing in urban Africa /
|c edited by Ilda Lindell.
|
| 260 |
|
|
|a London :
|b Zed Books,
|c 2010.
|
| 300 |
|
|
|a viii, 238 p. :
|b ill.
|
| 490 |
1 |
|
|a Africa now
|
| 504 |
|
|
|a Includes bibliographical references (p. 207-225) and index.
|
| 505 |
0 |
|
|a pt. 1. The political dynamics of collective organizing -- pt. 2. Constructing alliances : organizing across the formal-informal 'divide' -- pt. 3. International dimensions of organizing.
|
| 533 |
|
|
|a Electronic reproduction. Ann Arbor, MI : ProQuest, 2015. Available via World Wide Web. Access may be limited to ProQuest affiliated libraries.
|
| 650 |
|
0 |
|a Casual labor
|z Africa, Sub-Saharan.
|
| 650 |
|
0 |
|a Informal sector (Economics)
|z Africa, Sub-Saharan.
|
| 651 |
|
0 |
|a Africa, Sub-Saharan
|x Economic conditions.
|
| 651 |
|
0 |
|a Africa, Sub-Saharan
|x Social conditions.
|
| 655 |
|
4 |
|a Electronic books.
|
| 700 |
1 |
|
|a Lourenco-Lindell, Ilda.
|
| 710 |
2 |
|
|a ProQuest (Firm)
|
| 830 |
|
0 |
|a Africa now (Zed Books)
|
| 856 |
4 |
0 |
|u https://ebookcentral.proquest.com/lib/matrademy/detail.action?docID=530472
|z Click to View
|